Australian geography by letter: V - Statistics

General Stats
  • This quiz has been taken 26 times
  • The average score is 4 of 9
Answer Stats
Hint Answer % Correct
Smallest state on the mainland Victoria
95%
Country of birth of about 220,000 Australians Vietnam
86%
Suburb on the South Head peninsula of Sydney Harbour and one of the most affluent neighbourhoods in the country Vaucluse
36%
A major industry in the Hunter Valley NSW, and McLaren Vale and the Barossa Valley in South Australia, for example Viticulture
36%
Established in the 1840s, this town, its waterway and many of its streets were named after flowers Violet Town
32%
Coastal town in South Australia and a popular holiday destination Victor Harbor
23%
A small port on the Yorke Peninsula, directly west of Adelaide; a municipality immediately north of the Perth CBD; a suburb of Townsville Vincent
23%
Coastal town in Gippsland Venus Bay
14%
Like several other places on Phillip Island, this hamlet is named after a town on the Isle of Wight in the UK Ventnor
9%
No matching quizzes found
Score Distribution
Percent of People with Each Score
Percentile by Number Answered
Your Score History
You have not taken this quiz